00417nam a2200133Ia 4500008004100000024004600041082001600087100005900103245001900162260002600181600002100207650003800228999001700266260210s9999 xx 000 0 und d a10B-57-BS, 10B-115-BS & 10B-63-BS a005.072 TAS aTaseer Moazzam, Zoha Kurshid & Daniyal Alam Burney 0aGame Inception aKarachi:bUITU,c2010 aComputer Science aBachelor of Computer Science (BS) c32346d32346